• 首页
  • 本馆介绍
  • 公告通知
  • 最新文献
  • 馆藏检索
  • 电子资源
  • 读者导购
  • 参考咨询
  • 我的图书馆
  • 登录
  • 详细信息显示
  • 放入我的书架
  • 预约/预借图书
  • 作者相关作品
  • 分类相关作品
  • 丛书相关作品
  • 出版社相关作品

书目信息

  • 表格格式
  • 工作单格式
  • 卡片格式
题名:
世界体系与国家兴衰
    
 
作者: 王正毅 著
分册:  
出版信息: 北京   北京大学出版社  2006
页数: 288页
开本: 23cm
丛书名: 未名社科菁华·国际关系学
单 册:
中图分类: D81-53
科图分类:
主题词: 国际经济学--研究 , 国际经济学
电子资源:
ISBN: 7-301-11062-6
000 01008oam2 2200277 450
001 012007740181
005 20070522181446.03
010    @a7-301-11062-6@dCNY32.00
100    @a20070515d2006 km y0chiy0120 ea
101 0  @achi
102    @aCN@b110000
105    @ay z 000yy
106    @ar
200 1  @a世界体系与国家兴衰@Ashi jie ti xi yu guo jia xing shuai@f王正毅著@Fwang zheng yi zhu
210    @a北京@c北京大学出版社@d2006
215    @a288页@d23cm
225 2  @a未名社科菁华·国际关系学
330    @a本书系统总结了作者近十年来在国际政治经济学领域的研究和探索,包括对社会科学知识谱系富有创建性的思考,对国际政治经济学知识谱系、理论与方法独特的探索,反对传统的将中国与世界割裂开来的思维上的"二分法"等内容。
461  0 @12001 @a未名社科菁华·国际关系学
510 1  @aWorld system and rise of powers@zeng
606 0  @a国际经济学@x研究
606 0  @a国际经济学
690    @aD81-53@v4
701  0 @a王正毅@Awang zheng yi@f(1965~)@4著
801  0 @aCN@bRULIN@c20070522
905    @dD81-53@e92@s8
    
    世界体系与国家兴衰/王正毅著.-北京:北京大学出版社,2006
    288页;23cm.-(未名社科菁华·国际关系学)
    
    
    ISBN 7-301-11062-6:CNY32.00
    本书系统总结了作者近十年来在国际政治经济学领域的研究和探索,包括对社会科学知识谱系富有创建性的思考,对国际政治经济学知识谱系、理论与方法独特的探索,反对传统的将中国与世界割裂开来的思维上的"二分法"等内容。
●
相关链接 在E读中查询图书 在五车中查询图书 在当当中查询图书 在豆瓣中查询图书


正题名:世界体系与国家兴衰     索取号:D81-53/92         预约/预借

序号 登录号 条形码 馆藏地/架位号 状态 备注
1 0580093   205800935   第一样本阅览室/ [索取号:D81-53/92] 在馆    
2 0580094   205800944   第一借阅区/ [索取号:D81-53/92] 在馆    
3 0580095   205800953   第一借阅区/ [索取号:D81-53/92] 在馆    
4 0580096   205800962   第一借阅区/ [索取号:D81-53/92] 在馆    
5 0580097   205800971   密集书库/ [索取号:D81-53/92] 在馆    
6 0580098   205800980   第一借阅区/ [索取号:D81-53/92] 在馆    
7 0580099   205800999   密集书库/ [索取号:D81-53/92] 在馆    
8 0580100   205801006   密集书库/ [索取号:D81-53/92] 在馆    
唐山师范学院图书馆 欢迎您!
大连网信软件有限公司© 版权所有